[Event "Lansing (MI Op/2/6)"]
[Site "?"]
[Date "1987.??.??"]
[Round "?"]
[White "Johnson, Ri"]
[Black "Cooper, T.."]
[Result "1/2-1/2"]
[WhiteElo "2030"]
[BlackElo "2200"]
[PlyCount "93"]
[EventDate "1987.??.??"]

{2/(6)} 1. e4 c6 2. d4 d5 3. Nd2 dxe4 4. Nxe4 Nd7 5. Nf3 Ngf6 6. Nxf6+ Nxf6 7.
Bd3 Bg4 8. c3 e6 9. Bf4 Bd6 10. Bxd6 Qxd6 11. h3 Bh5 12. Qe2 Rd8 13. Rd1 Qd5
14. Bc4 Bxf3 15. gxf3 Qd6 16. Qe3 g6 17. Ke2 b5 18. Bb3 Nd5 19. Bxd5 Qxd5 20.
Qe5 O-O 21. b3 Rfe8 22. f4 f6 23. Qxd5 exd5+ 24. Kf3 Re4 25. Rhe1 f5 26. Rxe4
fxe4+ 27. Kg4 Kg7 28. Re1 Kf6 29. b4 h5+ 30. Kg3 Kf5 31. a4 h4+ 32. Kg2 Kxf4
33. axb5 cxb5 34. Ra1 Rc8 35. Rxa7 Rxc3 36. Rf7+ Kg5 37. Rd7 Rc4 38. Rxd5+ Kf4
39. Rxb5 Rxd4 40. Rb8 Rd2 41. b5 e3 42. Rf8+ Kg5 43. Rf3 e2 44. Re3 Kf4 45. b6
Rb2 46. Rf3+ Ke5 47. Re3+ 1/2-1/2

[Event "Lansing (MI Op/4/23)"]
[Site "?"]
[Date "1987.??.??"]
[Round "?"]
[White "Johnson, Ri"]
[Black "Boes, Jeff"]
[Result "1/2-1/2"]
[WhiteElo "2030"]
[BlackElo "1905"]
[PlyCount "52"]
[EventDate "1987.??.??"]

{4/(23)} 1. c4 Nf6 2. Nc3 e6 3. g3 Bb4 4. Bg2 d5 5. Nf3 O-O 6. O-O c5 7. Ne5
Nc6 8. Nxc6 bxc6 9. d3 e5 10. Bg5 Be6 11. f4 Bxc3 12. bxc3 h6 13. Bxf6 Qxf6 14.
f5 Bd7 15. cxd5 Rfd8 16. Rb1 cxd5 17. Bxd5 Bc6 18. Bxc6 Qxc6 19. Qb3 e4 20.
Rfd1 exd3 21. Qb7 dxe2 22. Rxd8+ Rxd8 23. Qxc6 Rd1+ 24. Kg2 e1=Q 25. Rxd1 Qe2+
26. Kh3 Qh5+ 1/2-1/2

[Event "Hazel Park (MCO/2/17)"]
[Site "?"]
[Date "1987.??.??"]
[Round "?"]
[White "Johnson, H.."]
[Black "Lang, J.."]
[Result "0-1"]
[WhiteElo "1755"]
[BlackElo "2000"]
[PlyCount "122"]
[EventDate "1987.??.??"]

{2/(17)} 1. e4 e5 2. Nc3 d6 3. Bc4 c6 4. d3 h6 5. Qh5 g6 6. Qf3 Nf6 7. h3 Bg7
8. Nge2 Nbd7 9. Bd2 Qe7 10. g4 a5 11. a4 Nc5 12. Be3 Ne6 13. d4 Ng5 14. Bxg5
hxg5 15. O-O-O Be6 16. d5 Bd7 17. Qe3 c5 18. Nb5 Kd8 19. f3 Rh4 20. Kb1 Ne8 21.
Qb3 Kc8 22. Nbc3 Qd8 23. Nb5 Qb6 24. Qe3 Bf6 25. Rd3 Be7 26. Rb3 Qd8 27. Nec3
Kb8 28. Na3 Nc7 29. Bb5 Bc8 30. Qe2 f5 31. Qf1 Qh8 32. Nd1 fxg4 33. fxg4 Bxg4
34. Qf7 Qh7 35. Qxh7 Rxh7 36. Nf2 Bc8 37. Nc4 Rf7 38. Ng4 Rf4 39. Nb6 Ra7 40.
Re1 Nxb5 41. Nxc8 Kxc8 42. Rxb5 Bd8 43. c4 b6 44. Re3 Raf7 45. Nh6 Rf1+ 46. Ka2
R7f4 47. Rbb3 Rd1 48. Rb5 Rd4 49. Ng4 Rdxe4 50. Reb3 Rxc4 51. Rxb6 Rxa4+ 52.
Kb1 Bxb6 53. Rxb6 Kc7 54. Rc6+ Kd7 55. Ra6 Rad4 56. Ra7+ Kc8 57. Rg7 Rxd5 58.
Rxg6 e4 59. Nf6 Re5 60. Rg8+ Kb7 61. Ng4 Rxg4 0-1

[Event "Hazel Park (MCO/4/18)"]
[Site "?"]
[Date "1987.??.??"]
[Round "?"]
[White "Johnson, H.."]
[Black "Golonka, Stan"]
[Result "0-1"]
[WhiteElo "1750"]
[BlackElo "2265"]
[PlyCount "58"]
[EventDate "1987.??.??"]

{4/(18)} 1. e4 c5 2. Nf3 Nc6 3. d4 cxd4 4. Nxd4 e5 5. Nb5 a6 6. Nd6+ Bxd6 7.
Qxd6 Qf6 8. Qc5 Qg6 9. f3 Nge7 10. Be3 O-O 11. Nc3 d6 12. Qb6 Be6 13. O-O-O
Rfd8 14. h4 h5 15. g4 hxg4 16. fxg4 Bxg4 17. h5 Qh7 18. Rd2 Bxh5 19. Rdh2 g6
20. Be2 Qg7 21. Bxh5 gxh5 22. Rxh5 Ng6 23. Bg5 f6 24. Bh6 Qf7 25. Nd5 Nce7 26.
Qxb7 Nxd5 27. exd5 Qxb7 28. Rg5 fxg5 29. Bxg5 Qxd5 0-1

[Event "Hazel Park (MCO/6/31)"]
[Site "?"]
[Date "1987.??.??"]
[Round "?"]
[White "Johnson, H.."]
[Black "Calton, Bill"]
[Result "0-1"]
[WhiteElo "1755"]
[BlackElo "1610"]
[PlyCount "90"]
[EventDate "1987.??.??"]

{6/(31)} 1. e4 e5 2. Nc3 Nc6 3. f4 exf4 4. Nf3 d6 5. Bc4 Ne5 6. Qe2 Bg4 7. h4
Be7 8. d4 Bxh4+ 9. Kd1 Nxc4 10. Qxc4 Nh6 11. Bxf4 Qf6 12. Ne2 Bxf3 13. gxf3
O-O-O 14. Rf1 g5 15. Bg3 g4 16. f4 Rhe8 17. Qd3 Bxg3 18. Nxg3 c5 19. c3 d5 20.
e5 c4 21. Qxc4+ dxc4 22. exf6 Ng8 23. Kd2 Nxf6 24. Rae1 Rxe1 25. Rxe1 Re8 26.
Re5 Rxe5 27. fxe5 Nd5 28. Nh5 Kd7 29. Ke2 Ke7 30. Kf2 f6 31. exf6+ Nxf6 32. Nf4
h5 33. Kg3 Kd6 34. Kh4 Ke7 35. d5 Kd6 36. a3 Nxd5 37. Nxh5 Ne3 38. Nf6 Ke5 39.
Nxg4+ Nxg4 40. Kxg4 Ke4 41. Kg5 Kd3 42. Kf5 Kc2 43. Ke4 Kxb2 44. Kd4 Kb3 45. a4
b6 0-1

[Event "Allendale (MI Am/2/4)"]
[Site "?"]
[Date "1987.??.??"]
[Round "?"]
[White "Johnson, D.."]
[Black "Skidmore, Mike"]
[Result "0-1"]
[WhiteElo "1605"]
[BlackElo "1905"]
[PlyCount "50"]
[EventDate "1987.??.??"]

{2/(4)} 1. e4 c5 2. Nf3 d6 3. d4 cxd4 4. Nxd4 Nf6 5. Nc3 e6 6. Bc4 a6 7. a4 Be7
8. Be3 O-O 9. Nb3 Nc6 10. a5 Nxe4 11. Nxe4 d5 12. Bb6 Qe8 13. Bd3 dxe4 14. Bxe4
f5 15. Bf3 Ne5 16. O-O Nxf3+ 17. Qxf3 Bf6 18. c3 Qb5 19. Qd1 e5 20. Qc2 Be6 21.
Nd2 Rac8 22. Ra4 Bd7 23. Rb4 Qxb4 24. c4 Bc6 25. Qxf5 Qxd2 0-1

[Event "Hazel Park (MCO/4/25)"]
[Site "?"]
[Date "1987.??.??"]
[Round "?"]
[White "Jarosz, Stan"]
[Black "Roberts, Kenneth"]
[Result "1-0"]
[WhiteElo "2090"]
[BlackElo "1700"]
[PlyCount "87"]
[EventDate "1987.??.??"]

{4/(25)} 1. d4 Nf6 2. c4 e6 3. Nf3 b6 4. a3 Bb7 5. Nc3 c5 6. d5 d6 7. e4 e5 8.
Bd3 g6 9. h3 Bg7 10. Be3 Nbd7 11. Qd2 h6 12. Nh2 Qe7 13. Ng4 Qf8 14. Nb5 Kd8
15. O-O a6 16. Nc3 Nxg4 17. hxg4 g5 18. b4 f6 19. g3 h5 20. gxh5 Rxh5 21. Kg2
Kc7 22. Qe2 Qf7 23. Rh1 Rah8 24. Rxh5 Qxh5 25. Qxh5 Rxh5 26. Be2 Rh8 27. Bg4
Bc8 28. Bd2 Nb8 29. Bxc8 Rxc8 30. b5 a5 31. Rh1 Rh8 32. Rxh8 Bxh8 33. Kf3 Nd7
34. Kg4 Bg7 35. Kh5 Nf8 36. Nd1 Kd8 37. Ne3 Nd7 38. Kg6 Bf8 39. Kf7 Be7 40. a4
Bf8 41. Ng4 Be7 42. Nh6 f5 43. Nxf5 Bf6 44. Nxd6 1-0

[Event "Lansing (MI Op/7/20)"]
[Site "?"]
[Date "1987.??.??"]
[Round "?"]
[White "Jarosz, Stan"]
[Black "Kornhauser, M.."]
[Result "1-0"]
[WhiteElo "2015"]
[BlackElo "1760"]
[PlyCount "61"]
[EventDate "1987.??.??"]

{7/(20)} 1. d4 Nf6 2. Nf3 g6 3. c4 Bg7 4. Nc3 O-O 5. g3 d6 6. Bg2 Nbd7 7. O-O
e5 8. e4 c6 9. h3 Qc7 10. Be3 exd4 11. Nxd4 Nc5 12. b4 Ne6 13. Nde2 Bd7 14. Qd2
Ne8 15. Rfd1 a5 16. a3 Rd8 17. f4 f5 18. Rac1 c5 19. exf5 Rxf5 20. Nd5 Qb8 21.
Ne7+ Kh8 22. Nxf5 gxf5 23. bxa5 N6c7 24. Rb1 Bc8 25. Qc2 Na6 26. Qb3 Rd7 27.
Qb6 Qc7 28. Qxc7 Rxc7 29. Rb6 Nb8 30. Rdb1 Nc6 31. a6 1-0

[Event "Lansing (MI Op/4/25)"]
[Site "?"]
[Date "1987.??.??"]
[Round "?"]
[White "Jarosz, Stan"]
[Black "Grams, Paul"]
[Result "1-0"]
[WhiteElo "2015"]
[BlackElo "1835"]
[PlyCount "87"]
[EventDate "1987.??.??"]

{4/(25)} 1. d4 Nf6 2. Nf3 e6 3. c4 c5 4. Nc3 cxd4 5. Nxd4 d5 6. Bg5 Be7 7. cxd5
Nxd5 8. Bxe7 Nxe7 9. Ndb5 Nd5 10. Nxd5 exd5 11. Qxd5 Qa5+ 12. Nc3 Nc6 13. Qxa5
Nxa5 14. e3 a6 15. Be2 Be6 16. O-O Nc4 17. b3 Nd6 18. Rfd1 Rc8 19. Rac1 Nf5 20.
Nd5 O-O 21. Nc7 Rfd8 22. Nxe6 Rxd1+ 23. Rxd1 fxe6 24. Bc4 Re8 25. g4 b5 26.
Bxb5 Nxe3 27. Bxe8 Nxd1 28. b4 Nc3 29. a4 Kf8 30. Bc6 Ke7 31. Bb7 Nxa4 32. Bxa6
Kd6 33. Kg2 Kc6 34. Kf3 Nc3 35. Bc4 Nd5 36. Bxd5+ exd5 37. Ke3 Kb5 38. Kd4 Kxb4
39. f4 Kb5 40. Kxd5 Kb6 41. Kd6 Kb7 42. f5 Kc8 43. Ke7 Kc7 44. g5 1-0

[Event "Hazel Park (MCO/2/25)"]
[Site "?"]
[Date "1987.??.??"]
[Round "?"]
[White "Jarosz, Stan"]
[Black "Collins, Charles"]
[Result "1-0"]
[WhiteElo "2090"]
[BlackElo "1720"]
[PlyCount "59"]
[EventDate "1987.??.??"]

{2/(25)} 1. d4 Nf6 2. c4 g6 3. Nc3 Bg7 4. Nf3 d6 5. g3 Nbd7 6. Bg2 O-O 7. O-O
c5 8. d5 a6 9. Bg5 h6 10. Be3 Rb8 11. a4 Nb6 12. b3 Ng4 13. Bd2 Nd7 14. h3 Nge5
15. Nxe5 Nxe5 16. Qc1 Kh7 17. f4 Nd7 18. Qc2 f5 19. e4 Bd4+ 20. Kh2 Nf6 21.
Rae1 e5 22. dxe6 Bxe6 23. Ne2 Nxe4 24. Bxe4 fxe4 25. Nxd4 cxd4 26. Qxe4 Bf5 27.
Qxd4 Qd7 28. g4 Bxg4 29. hxg4 Qxg4 30. Re7+ 1-0

[Event "Lansing (MI Op/2/24)"]
[Site "?"]
[Date "1987.??.??"]
[Round "?"]
[White "Jarosz, Stan"]
[Black "Ball, Ed"]
[Result "1-0"]
[WhiteElo "2015"]
[BlackElo "1740"]
[PlyCount "73"]
[EventDate "1987.??.??"]

{2/(24)} 1. d4 Nf6 2. Nf3 e6 3. Bg5 d5 4. e3 Nbd7 5. c4 c6 6. Nc3 Bd6 7. Rc1 h6
8. Bh4 O-O 9. Bd3 dxc4 10. Bxc4 Re8 11. O-O e5 12. Bg3 exd4 13. Bxd6 dxc3 14.
Qb3 cxb2 15. Bxf7+ Kh8 16. Qxb2 Re4 17. Rfd1 Qb6 18. Qc3 Ra4 19. Ne5 Nxe5 20.
Bxe5 c5 21. Rd6 Ne4 22. Bxg7+ Kh7 23. Bg6+ Kg8 24. Bxe4 Qxd6 25. Qb3+ Kxg7 26.
Qxa4 Be6 27. Bxb7 Rd8 28. Bf3 Qd2 29. Qxa7+ Rd7 30. Qxc5 Bxa2 31. h3 Qb2 32.
Bg4 Rf7 33. Rc2 Qb1+ 34. Kh2 Qb8+ 35. f4 Bb1 36. Qd4+ Kh7 37. Rc8 1-0

[Event "Lansing (MI Op/1b/2)"]
[Site "?"]
[Date "1987.??.??"]
[Round "?"]
[White "Hobbs, Raymond"]
[Black "Wygrecki, J.."]
[Result "0-1"]
[WhiteElo "1915"]
[BlackElo "2275"]
[PlyCount "90"]
[EventDate "1987.??.??"]

1. e3 d6 2. b3 Nc6 3. Bb2 e5 4. g3 g6 5. Bg2 Nge7 6. d4 Bg7 7. d5 Nb8 8. Ne2
Nd7 9. O-O f5 10. f4 O-O 11. e4 fxe4 12. Bxe4 Nc5 13. Bg2 Bg4 14. h3 Bxe2 15.
Qxe2 Nf5 16. Qf2 exf4 17. Bxg7 fxg3 18. Qxg3 Kxg7 19. Qc3+ Kg8 20. Na3 Qg5 21.
Rf3 Ne4 22. Qd3 Rae8 23. Kh2 Nc5 24. Qc3 Re2 25. Rg1 Rfe8 26. Kh1 R8e3 27. Bf1
Rxc3 28. Rxg5 Rxf3 29. Bxe2 Rxh3+ 30. Kg2 Rc3 31. Bg4 Ne4 32. Rxf5 gxf5 33.
Bxf5 Rg3+ 34. Kh2 Re3 35. Nc4 Re2+ 36. Kh3 Kg7 37. Na5 Nf6 38. Nxb7 Nxd5 39.
Nd8 Nb4 40. Ne6+ Kf6 41. Nd4 Re3+ 42. Kh4 c5 43. Nb5 Kxf5 44. Nxd6+ Ke5 45.
Nc4+ Kd4 $138 0-1

[Event "Allendale (MI Am/1/9)"]
[Site "?"]
[Date "1987.??.??"]
[Round "?"]
[White "Hobbs, Raymond"]
[Black "Mills, Dan"]
[Result "1-0"]
[WhiteElo "1885"]
[BlackElo "1605"]
[PlyCount "97"]
[EventDate "1987.??.??"]

{1/(9)} 1. d4 Nf6 2. c4 e6 3. Nc3 Bb4 4. a3 Bxc3+ 5. bxc3 c5 6. e3 d5 7. Nf3
Nbd7 8. cxd5 exd5 9. dxc5 Nxc5 10. Nd4 O-O 11. a4 Re8 12. h3 Bd7 13. Bd3 Qc8
14. Bc2 Nce4 15. Ne2 Nxc3 16. Nxc3 Qxc3+ 17. Bd2 Qc7 18. Rc1 Bc6 19. Bc3 Qe7
20. O-O Rac8 21. Bf5 Rc7 22. Bd4 b6 23. f4 g6 24. Be5 gxf5 25. Bxc7 Qxc7 26.
Qc2 Rc8 27. Qxf5 Ne4 28. Rfd1 Qd7 29. Rxd5 Qxf5 30. Rxf5 Bd7 31. Rxc8+ Bxc8 32.
Re5 Nf6 33. g4 Kf8 34. g5 Ne8 35. h4 f6 36. Rd5 Ke7 37. Rd4 Nd6 38. e4 f5 39.
exf5 Bxf5 40. Kf2 Ne4+ 41. Ke3 Nc5 42. Rd5 Ke6 43. Re5+ Kf7 44. Rxf5+ Kg6 45.
Rf6+ Kh5 46. Rh6+ Kg4 47. Rxh7 Nxa4 48. Rxa7 b5 49. Rb7 1-0

[Event "Allendale (MI Am/3/3)"]
[Site "?"]
[Date "1987.??.??"]
[Round "?"]
[White "Hobbs, Raymond"]
[Black "Helle, Frank"]
[Result "1/2-1/2"]
[WhiteElo "1885"]
[BlackElo "1920"]
[PlyCount "87"]
[EventDate "1987.??.??"]

{3/(3)} 1. d4 Nf6 2. c4 c5 3. d5 b5 4. b3 g6 5. Bb2 Bg7 6. Nd2 O-O 7. g3 d6 8.
Bg2 Nbd7 9. e4 bxc4 10. Nxc4 Ba6 11. Ne2 Rb8 12. Qc2 Bxc4 13. Qxc4 Rb4 14. Qc2
Qb8 15. Bc3 Rb5 16. O-O Rc8 17. Bh3 Rc7 18. Bxd7 Nxd7 19. Bxg7 Kxg7 20. Rfc1
Rb4 21. Rab1 Rcb7 22. Nc3 Ne5 23. Qd1 Qc8 24. f4 Ng4 25. Qe1 h5 26. h3 Nf6 27.
Kg2 c4 28. e5 Ne8 29. Ne4 Qf5 30. bxc4 Rxb1 31. Rxb1 Rxb1 32. Qxb1 dxe5 33. Nd2
Qxb1 34. Nxb1 e4 35. Kf2 f5 36. Ke3 Kf6 37. Nc3 e5 38. fxe5+ Kxe5 39. Ne2 Nd6
40. c5 Nc4+ 41. Kf2 Kxd5 42. Nf4+ Kxc5 43. Nxg6 Kd4 44. Ke2 1/2-1/2

[Event "Lansing (MI Op/3/35)"]
[Site "?"]
[Date "1987.??.??"]
[Round "?"]
[White "Hobbs, Raymond"]
[Black "Halstead, Kevin"]
[Result "1-0"]
[WhiteElo "1915"]
[BlackElo "1805"]
[PlyCount "93"]
[EventDate "1987.??.??"]

{3/(35)} 1. d4 f5 2. c4 e6 3. Nc3 Nf6 4. Bg5 Be7 5. g3 O-O 6. Bg2 Nc6 7. e3 h6
8. Bxf6 Bxf6 9. Nge2 d6 10. a3 Bd7 11. b4 Qc8 12. Qb3 Ne7 13. Rc1 c6 14. O-O
Kh8 15. Rfd1 Qd8 16. e4 fxe4 17. Nxe4 d5 18. Nxf6 Rxf6 19. c5 Qf8 20. f4 Be8
21. Rd2 Bg6 22. a4 a6 23. b5 axb5 24. axb5 Ra5 25. bxc6 bxc6 26. Rb2 Qa8 27.
Qb8+ Rf8 28. Qxa8 Rfxa8 29. Rc3 Kg8 30. Bf3 Ra4 31. Re3 Kf7 32. g4 R8a7 33. h4
Ra3 34. Rbb3 R3a4 35. h5 Bc2 36. Rb2 Bd1 37. Rd2 Bxe2 38. Bxe2 Ra2 39. Rdd3 Rb2
40. Re5 Ng8 41. g5 Ra1+ 42. Kf2 Rh1 43. g6+ Ke7 44. Rde3 Nf6 45. Rxe6+ Kd7 46.
Rd6+ Kc8 47. Rxf6 1-0

[Event "Allendale (MI Am/5/8)"]
[Site "?"]
[Date "1987.??.??"]
[Round "?"]
[White "Hobbs, Raymond"]
[Black "Griffin, John"]
[Result "1-0"]
[WhiteElo "1885"]
[BlackElo "1605"]
[PlyCount "85"]
[EventDate "1987.??.??"]

{5/(8)} 1. d4 d5 2. c4 e6 3. Nc3 Nf6 4. Bg5 Be7 5. e3 h6 6. Bh4 O-O 7. cxd5
exd5 8. Bd3 Na6 9. Bxa6 bxa6 10. Qb3 c6 11. Nf3 Qb6 12. Nd2 Qxb3 13. Nxb3 Re8
14. O-O Nd7 15. Bxe7 Rxe7 16. Na4 Bb7 17. Nac5 Nxc5 18. Nxc5 Rb8 19. Rfc1 Rc7
20. Rc3 Kf8 21. Rac1 Ke7 22. Ra3 Kd6 23. b3 Bc8 24. Kf1 Rb6 25. Ke2 g6 26. f3
h5 27. Kd3 f5 28. e4 fxe4+ 29. fxe4 dxe4+ 30. Nxe4+ Ke7 31. Ra5 Rb5 32. Ra4 Bf5
33. Ke3 Bxe4 34. Kxe4 Kd6 35. Rxa6 Rg5 36. Rc2 Rf5 37. b4 Rff7 38. b5 Rfe7+ 39.
Kd3 Re6 40. Raxc6+ Rxc6 41. Rxc6+ Kd5 42. Rxe6 Kxe6 43. Ke4 1-0

[Event "Allendale (MI Am/5/6)"]
[Site "?"]
[Date "1987.??.??"]
[Round "?"]
[White "Helle, Frank"]
[Black "Kruskie, Jerry"]
[Result "1-0"]
[WhiteElo "1920"]
[BlackElo "1855"]
[PlyCount "49"]
[EventDate "1987.??.??"]

{5/(6)} 1. d4 Nf6 2. c4 e6 3. Nc3 Bb4 4. Qc2 d5 5. cxd5 Qxd5 6. Nf3 O-O 7. Bd2
Bxc3 8. Bxc3 c5 9. dxc5 Qxc5 10. Rc1 Qe7 11. Bxf6 gxf6 12. e3 b6 13. Bd3 h6 14.
O-O Ba6 15. Bxa6 Nxa6 16. Qc4 Nc5 17. b4 Nb7 18. Qf4 Rac8 19. Qxh6 Qxb4 20.
Qxf6 Rc5 21. Qe7 Rfc8 22. Ne5 Nd8 23. Nd3 Qa5 24. Nxc5 bxc5 25. Rc4 1-0

[Event "Allendale (MI Am/2/8)"]
[Site "?"]
[Date "1987.??.??"]
[Round "?"]
[White "Helle, Frank"]
[Black "Keeley, G.."]
[Result "1-0"]
[WhiteElo "1920"]
[BlackElo "1605"]
[PlyCount "53"]
[EventDate "1987.??.??"]

{2/(8)} 1. d4 Nf6 2. c4 e6 3. Nc3 Bb4 4. Qc2 c5 5. dxc5 O-O 6. Nf3 Bxc5 7. Bg5
d6 8. e4 Nbd7 9. Bd3 Qc7 10. O-O a6 11. a3 Ba7 12. Rac1 Ng4 13. Bf4 Nge5 14.
Nxe5 Nxe5 15. Qe2 Nxd3 16. Qxd3 Rd8 17. Rfd1 Bb8 18. c5 h6 19. cxd6 Qb6 20. b4
f6 21. e5 Ba7 22. Be3 Qc6 23. Bxa7 Rxa7 24. exf6 Rd7 25. Ne4 Qd5 26. Rxc8+ Kh7
27. Ng5# 1-0

[Event "Hazel Park (MCO/2/50)"]
[Site "?"]
[Date "1987.??.??"]
[Round "?"]
[White "Hawley, T.."]
[Black "Haley, J.."]
[Result "1-0"]
[WhiteElo "1605"]
[BlackElo "1605"]
[PlyCount "43"]
[EventDate "1987.??.??"]

{2/(50)} 1. e4 Nf6 2. e5 Nd5 3. c4 Nb4 4. a3 N4c6 5. d4 d6 6. f4 dxe5 7. d5 Nd4
8. fxe5 Nf5 9. Bd3 e6 10. Bxf5 exf5 11. Nf3 g6 12. O-O Bc5+ 13. Kh1 O-O 14. Bg5
Be7 15. Bh6 Re8 16. Qd4 f6 17. e6 c5 18. Qc3 b5 19. Nh4 bxc4 20. Nxf5 Qxd5 21.
Nxe7+ Rxe7 22. Qxf6 1-0

[Event "Lansing (MI Op/5/23)"]
[Site "?"]
[Date "1987.??.??"]
[Round "?"]
[White "Harrold, Alvin"]
[Black "Stanfield, L.."]
[Result "0-1"]
[WhiteElo "1860"]
[BlackElo "1960"]
[PlyCount "102"]
[EventDate "1987.??.??"]

{5/(23)} 1. Nf3 Nf6 2. g3 b6 3. Bg2 Bb7 4. O-O e6 5. c4 Be7 6. b3 O-O 7. Bb2 d6
8. d3 e5 9. Nc3 Nbd7 10. b4 a5 11. a3 axb4 12. axb4 Rxa1 13. Qxa1 Qa8 14. b5
Qxa1 15. Rxa1 Nc5 16. Nd2 Bxg2 17. Kxg2 Rc8 18. Ra7 Bf8 19. Ba3 Ne6 20. e3 g6
21. Nde4 Nxe4 22. Nxe4 f5 23. Nf6+ Kg7 24. Nd5 Kg8 25. Nf6+ Kg7 26. Nd5 Kg8 27.
f4 exf4 28. exf4 h6 29. Bb2 h5 30. Kf3 Rd8 31. Nxc7 Rd7 32. Rb7 Rxc7 33. Rxb6
Nc5 34. Ke2 Na4 35. Rc6 Re7+ 36. Kd2 Nxb2 37. Rxd6 Re2+ 38. Kxe2 Bxd6 39. Kd2
Na4 40. d4 Kf7 41. Kc2 Be7 42. Kb3 Nb6 43. c5 Bd8 44. Kb4 Nd5+ 45. Kc4 Ke6 46.
Kd3 Nb4+ 47. Kc4 Nd5 48. Kd3 Nb6 49. Ke3 Nc4+ 50. Kd3 Kd5 51. Kc3 Bf6 0-1

[Event "Lansing (MI Op/2/26)"]
[Site "?"]
[Date "1987.??.??"]
[Round "?"]
[White "Harrold, Alvin"]
[Black "Finegold, Ron"]
[Result "0-1"]
[WhiteElo "1860"]
[BlackElo "2170"]
[PlyCount "110"]
[EventDate "1987.??.??"]

{2/(26)} 1. Nf3 c5 2. b3 Nc6 3. Bb2 d6 4. c4 e5 5. Nc3 f5 6. d3 Nf6 7. g3 Be7
8. Bg2 O-O 9. Qd2 Nd4 10. Ng5 h6 11. Nh3 g5 12. e3 Nc6 13. f4 Ng4 14. Nd5 Bf6
15. Nxf6+ Qxf6 16. Bd5+ Kh7 17. fxg5 hxg5 18. Rf1 Qh6 19. Bg2 Bd7 20. O-O-O
Rae8 21. Nf2 Nf6 22. Kb1 Kg8 23. h3 Qg6 24. e4 f4 25. gxf4 gxf4 26. Bf3 Kf7 27.
Rg1 Qh6 28. Ng4 Bxg4 29. hxg4 Qg5 30. Rh1 Rh8 31. Rh2 Reg8 32. Rg1 Rh4 33. Rxh4
Qxh4 34. Qg2 Qg5 35. Qh3 Ne7 36. Bc3 Ng6 37. Be1 Rh8 38. Qg2 Nh4 39. Bxh4 Rxh4
40. Kb2 Kg6 41. Kc3 Nh7 42. Rh1 Rxh1 43. Qxh1 Qh6 44. Qg2 Qh4 45. Kd2 Ng5 46.
Ke2 Ne6 47. Kf1 Kg5 48. Bd1 Nd4 49. Bf3 Nxf3 50. Qxf3 Qxg4 51. Qf2 Qd1+ 52. Kg2
Qxd3 53. Kh2 Qxe4 54. Qg1+ Kf5 55. Qd1 f3 0-1

[Event "Lansing (MI Op/1b/6)"]
[Site "?"]
[Date "1987.??.??"]
[Round "?"]
[White "Harrold, Alvin"]
[Black "Baudry, Pascal"]
[Result "0-1"]
[WhiteElo "1860"]
[BlackElo "2160"]
[PlyCount "80"]
[EventDate "1987.??.??"]

1. Nf3 Nf6 2. b3 g6 3. Bb2 Bg7 4. c4 c5 5. g3 b6 6. Bg2 Bb7 7. O-O O-O 8. Na3
e6 9. e3 d5 10. d4 Ne4 11. cxd5 Bxd5 12. Nc4 b5 13. Ncd2 Nc6 14. Nxe4 Bxe4 15.
Qe2 cxd4 16. exd4 Qd5 17. Rfe1 f5 18. Red1 Rac8 19. Rd2 Bh6 20. Rdd1 Nb4 21.
Ne1 Bxg2 22. Nxg2 Rc2 23. Qe1 f4 24. Bc1 fxg3 25. hxg3 Rfxf2 26. Qxf2 Rxf2 27.
Kxf2 Nc2 28. Rb1 Qf5+ 29. Kg1 Nxd4 30. Bxh6 Nf3+ 31. Kf2 Nh4+ 32. Nf4 Qc2+ 33.
Kf1 Nf5 34. Rd8+ Kf7 35. Rf8+ Ke7 36. Rxf5 Qxb1+ 37. Kg2 Qxf5 38. Ne2 g5 39.
Bg7 e5 40. Ng1 Kf7 0-1

[Event "Hazel Park (MCO/3/45)"]
[Site "?"]
[Date "1987.??.??"]
[Round "?"]
[White "Haney, Mark"]
[Black "Wright, Walter"]
[Result "1/2-1/2"]
[WhiteElo "1605"]
[BlackElo "1655"]
[PlyCount "97"]
[EventDate "1987.??.??"]

{3/(45)} 1. d4 Nf6 2. c4 d5 3. Nc3 g6 4. Nf3 Bg7 5. Bf4 c6 6. e3 Qa5 7. Qa4
Qxa4 8. Nxa4 Bf5 9. Nc3 e6 10. Be2 O-O 11. O-O Nbd7 12. cxd5 exd5 13. Rac1 Rfe8
14. Ne5 Ne4 15. Nxd7 Bxd7 16. Nxe4 Rxe4 17. Bd3 Re7 18. Bg5 f6 19. Bf4 Rae8 20.
Bd6 Re6 21. Bc5 b6 22. Bb4 f5 23. g3 c5 24. dxc5 Bxb2 25. Rc2 Bf6 26. Rfc1 Ba4
27. Re2 Rc8 28. f3 Rec6 29. e4 dxe4 30. Bc4+ Kg7 31. fxe4 bxc5 32. Bd2 Bd4+ 33.
Be3 fxe4 34. Bd5 Bxe3+ 35. Rxe3 Rd6 36. Rxe4 Rxd5 37. Rxa4 Rc7 38. Ra5 Rd2 39.
Rc4 Rb7 40. Rc1 c4 41. a4 c3 42. Rc5 Ra2 43. a5 a6 44. R1xc3 Rb5 45. Rxb5 axb5
46. Rc7+ Kh6 47. Ra7 b4 48. Rb7 Rxa5 49. Rxb4 1/2-1/2

[Event "Hazel Park (MCO/6/40)"]
[Site "?"]
[Date "1987.??.??"]
[Round "?"]
[White "Haney, Mark"]
[Black "Collins, Charles"]
[Result "0-1"]
[WhiteElo "1605"]
[BlackElo "1700"]
[PlyCount "50"]
[EventDate "1987.??.??"]

{6/(40)} 1. d4 Nf6 2. c4 c5 3. Nf3 cxd4 4. Nxd4 e6 5. Nc3 a6 6. e4 Qc7 7. a3 d6
8. Be2 Be7 9. O-O Nc6 10. Be3 O-O 11. Qc2 Bd7 12. Nxc6 Bxc6 13. Rac1 Rfd8 14.
Rfd1 Rac8 15. Rd2 Rd7 16. Bf4 e5 17. Bg5 h6 18. Bxf6 Bxf6 19. Bg4 Bg5 20. Bxd7
Bxd2 21. Bxc6 Bxc1 22. Nd5 Qd8 23. Bxb7 Rb8 24. Bxa6 Bxb2 25. a4 Qa5 0-1

[Event "Hazel Park (MCO/1/28)"]
[Site "?"]
[Date "1987.??.??"]
[Round "?"]
[White "Haney, Mark"]
[Black "Bolda, Dan H"]
[Result "0-1"]
[WhiteElo "1605"]
[BlackElo "1910"]
[PlyCount "44"]
[EventDate "1987.??.??"]

{1/(28)} 1. d4 Nf6 2. c4 d6 3. Nc3 g6 4. Nf3 Bg7 5. e4 O-O 6. Bd3 Nbd7 7. O-O
e5 8. dxe5 Nxe5 9. Nxe5 dxe5 10. Bc2 Be6 11. c5 Bc4 12. Qxd8 Rfxd8 13. Rd1 c6
14. Rxd8+ Rxd8 15. Bg5 h6 16. Bxf6 Bxf6 17. Rd1 Rxd1+ 18. Bxd1 Be7 19. b4 Bg5
20. a3 Bc1 21. Be2 Bxe2 22. Nxe2 Bxa3 0-1

[Event "Lansing (MI Op/6/21)"]
[Site "?"]
[Date "1987.??.??"]
[Round "?"]
[White "Handelsman, B.."]
[Black "Turner, Darrell"]
[Result "1-0"]
[WhiteElo "1905"]
[BlackElo "1905"]
[PlyCount "131"]
[EventDate "1987.??.??"]

{6/(21)} 1. c4 c5 2. g3 g6 3. Bg2 Bg7 4. Nf3 Nc6 5. O-O e6 6. e3 Nge7 7. Nc3
O-O 8. d4 cxd4 9. Nxd4 Na5 10. Qe2 d5 11. cxd5 exd5 12. Rd1 Nac6 13. Nc2 Bf5
14. Nxd5 Nxd5 15. Rxd5 Qc8 16. e4 Bg4 17. f3 Be6 18. Rd1 Ne5 19. Kh1 Bc4 20.
Qd2 Qc7 21. Ne3 Rfd8 22. Nd5 Qc5 23. Qe3 Qxe3 24. Bxe3 Be2 25. Ne7+ Kf8 26.
Rxd8+ Rxd8 27. Bc5 Ke8 28. f4 Nd3 29. Ba3 Bd4 30. h3 Bf2 31. Nd5 Rc8 32. Nc3
Rxc3 33. bxc3 Bxg3 34. Rb1 b6 35. Bc1 Nf2+ 36. Kg1 Bd3 37. Rb4 Nd1 38. Bd2 Bf2+
39. Kh2 Bc5 40. Rd4 Bxd4 41. cxd4 Nf2 42. e5 Bc4 43. Bc6+ Kd8 44. a3 Nd3 45.
Kg3 Kc7 46. Bf3 Nb2 47. d5 h5 48. Bg2 Bd3 49. Kh4 Nc4 50. Bc1 b5 51. Kg5 Kd7
52. Kf6 Ke8 53. h4 Nb6 54. e6 Bf5 55. Be3 fxe6 56. dxe6 Nc8 57. Bc6+ Kd8 58.
Bc5 a6 59. e7+ Nxe7 60. Bxe7+ Kc7 61. Be8 Bd3 62. Bxg6 Be2 63. Kg5 a5 64. Bxh5
Bc4 65. Bg6 Kd7 66. Kf6 1-0

[Event "Lansing (MI Op/2/36)"]
[Site "?"]
[Date "1987.??.??"]
[Round "?"]
[White "Handelsman, B.."]
[Black "Thurman, John"]
[Result "1-0"]
[WhiteElo "1905"]
[BlackElo "1795"]
[PlyCount "37"]
[EventDate "1987.??.??"]

{2/(36)} 1. c4 c5 2. g3 Nc6 3. Bg2 Nf6 4. Nc3 e6 5. Nf3 d5 6. cxd5 exd5 7. d4
Ne4 8. O-O Nxc3 9. bxc3 Be7 10. Ne5 O-O 11. Qb3 c4 12. Qb5 Be6 13. Nxc6 bxc6
14. Qxc6 Rc8 15. Qa4 Qb6 16. Ba3 Bxa3 17. Qxa3 Rb8 18. Qc1 Bf5 19. Bxd5 1-0

[Event "Lansing (MI Op/5/29)"]
[Site "?"]
[Date "1987.??.??"]
[Round "?"]
[White "Handelsman, B.."]
[Black "Lynch, W.."]
[Result "1-0"]
[WhiteElo "1905"]
[BlackElo "1795"]
[PlyCount "71"]
[EventDate "1987.??.??"]

{5/(29)} 1. c4 Nf6 2. Nf3 e6 3. Nc3 Bb4 4. g3 b6 5. Bg2 Bb7 6. O-O O-O 7. d4 d5
8. cxd5 Nxd5 9. Nxd5 Bxd5 10. Qd3 Be7 11. Rd1 Nd7 12. e4 Bb7 13. Be3 c5 14. d5
exd5 15. exd5 Bd6 16. Ng5 Nf6 17. Ne4 Nxe4 18. Bxe4 g6 19. Bd2 Re8 20. Bc3 Be5
21. Bg2 Qd6 22. Rd2 Re7 23. Re1 Rae8 24. Bxe5 Rxe5 25. Rxe5 Rxe5 26. f4 Re1+
27. Kf2 Re7 28. Re2 Rd7 29. Rd2 f5 30. Qe3 Re7 31. Qxe7 Qxe7 32. d6 Qd7 33.
Bxb7 Kf8 34. Bc6 Qd8 35. d7 Ke7 36. Re2+ 1-0